Welcome to CU Library Online Public Access Catalogue (OPAC)

Modern Management: (Record no. 9104)

MARC details
000 -LEADER
fixed length control field 00508nam a22001577a 4500
005 - DATE AND TIME OF LATEST TRANSACTION
control field 20260318164352.0
008 - FIXED-LENGTH DATA ELEMENTS--GENERAL INFORMATION
fixed length control field 260318b |||||||| |||| 00| 0 eng d
020 ## - INTERNATIONAL STANDARD BOOK NUMBER
International Standard Book Number 9780130224743
050 ## - LIBRARY OF CONGRESS CALL NUMBER
Classification number HD31
Item number .C4125
100 ## - MAIN ENTRY--PERSONAL NAME
Personal name Certo, Samuel C.
245 ## - TITLE STATEMENT
Title Modern Management:
Remainder of title diversity, quality, ethics & the global environment
Statement of responsibility, etc. Samuel C. Certo
250 ## - EDITION STATEMENT
Edition statement 8th ed.
260 ## - PUBLICATION, DISTRIBUTION, ETC.
Place of publication, distribution, etc. Upper Saddle River, New Jersey
Name of publisher, distributor, etc. Prentice Hall
Date of publication, distribution, etc. 2000
300 ## - PHYSICAL DESCRIPTION
Extent xxi. 598p.
Other physical details ill. color
Dimensions 27.5cm
942 ## - ADDED ENTRY ELEMENTS (KOHA)
Source of classification or shelving scheme Library of Congress Classification
Koha item type Books
Edition 8th ed.
Suppress in OPAC No
999 ## -
-- 9104
-- 9104
Holdings
Withdrawn status Lost status Source of classification or shelving scheme Damaged status Not for loan Collection Home library Current library Shelving location Date acquired Total checkouts Full call number Barcode Date last seen Copy number Price effective from Koha item type
    Library of Congress Classification     Non-fiction Business Library (Miotso) Business Library (Miotso) General stacks 03/18/2026   HD31 .H542 1996 BSSM00002870 03/18/2026 1 03/18/2026 Books
© 2023-2024 Copyright: Central University Libraries. All Rights Reserved | Created by: Mahone Tech Office